| 000 | 00603nam a2200157Ia 4500 | ||
|---|---|---|---|
| 008 | 090124s9999 xx 000 0 und d | ||
| 082 | _b39469 | ||
| 245 | _a असाही एक पंडितराज विद्याधर | ||
| 250 | _a0 | ||
| 260 |
_bसरस्वती विद्याधर गोखले _c1997 |
||
| 300 | _a248 | ||
| 630 | _a असाही एक पंडितराज विद्याधर | ||
| 700 | _aनाडकर्णी सुरेश | ||
| 730 | _a असाही एक पंडितराज विद्याधर | ||
| 942 | _cBOOK | ||
| 999 |
_c105584 _d105584 |
||